000 00185nam a2200085 4500
001 1258420
005 20260310131014.0
245 _aTEHLİKELİ OYUNLAR
_cOĞUZ ATAY
260 _bİLETİŞİM
999 _c1258420
_d1258420